| Registos Bibliográficos associados ao registo de autoridade |
|
Etiqueta de registo: 00379nas 2200205 450 001 2283588 003 http://id.bnportugal.gov.pt/bib/catbnp/2283588 100 ## $a20260402b19851986m y0pory01030103ba 101 0# $apor 102 ## $aPT 106 ## $ae 110 ## $acaazz 0uu0 200 1# $aComix$fcoord. Ferreira da Silva$gpropr. Sociedade Industrial de Imprensa 207 #0 $a[Nº 1] (9 mar. 1990) - [nº 81] (27 set. 1991) 210 #9 $aLisboa$cSociedade Industrial de Imprensa,$d1990-1991 215 ## $d43 cm 312 ## $aSuplemento destacável, publicado como parte integrante do jornal Diário Popular 317 ## $aColeção Leandro de Moraes Sarmento$5PTBN: L.M.S. 275 326 ## $aSemanal 422 #1 $100190454$tDiário Popular$cLisboa$bSociedade Industrial de Imprensa,$d1942-1999 606 ## $aBanda desenhada$x[Periódicos]$2SIPOR$3887831 606 ## $aLiteratura juvenil$x[Periódicos]$2SIPOR$31883993 620 ## $dLisboa 675 ## $a741.5(05)$vBN$zpor$3300845 675 ## $a087.5(05)$vBN$zpor$3288171 702 #1 $91$aSilva,$bAntónio Ferreira da,$f1946-2026$31994653 712 02 $aSociedade Industrial de Imprensa$4650$318246 801 #0 $aPT$bBN$gRPC 966 ## $lBN$mFGJOR$pBiblioteca particular Leandro de Moraes Sarmento$sL.M.S. 275 $x3
|
|
|